书目信息 |
| 题名: |
近世代数及其应用
|
|
| 作者: | 阮传概 , 孙伟 编著 | |
| 分册: | ||
| 出版信息: | 北京 北京邮电学院出版社 2001.09 |
|
| 页数: | 426页 | |
| 开本: | 21cm | |
| 丛书名: | ||
| 单 册: | ||
| 中图分类: | O153 | |
| 科图分类: | ||
| 主题词: | 抽象代数--chou xiang dai shu--应用 | |
| 电子资源: | ||
| ISBN: | 7-5635-0533-4 | |
| 000 | 00870nam0 2200241 450 | |
| 001 | 012007578510 | |
| 005 | 20071010110557.17 | |
| 010 | @a7-5635-0533-4@dCNY25.00 | |
| 100 | @a20070815d2001 km y0chiy0120 ea | |
| 101 | 0 | @achi |
| 102 | @aCN@b110000 | |
| 105 | @aa a 000yy | |
| 200 | 1 | @a近世代数及其应用@Ajin shi dai shu ji qi ying yong@f阮传概, 孙伟编著@Fruan chuan gai,sun wei bian zhu |
| 210 | @a北京@c北京邮电学院出版社@d2001.09 | |
| 215 | @a426页@c图@d21cm | |
| 320 | @a有书目 (第426页)。 | |
| 330 | @a本书介绍了集合与映射、格、布尔代数、半群、群、环、有限域的基本内容和它们在逻辑电路与编码理论中的一些应用,以及与上述内容有关的一些多项式和线性同余式等知识。 | |
| 606 | 0 | @a抽象代数@Achou xiang dai shu@x应用 |
| 690 | @aO153@v4 | |
| 701 | 0 | @a阮传概@Aruan chuan gai@4编著 |
| 701 | 0 | @a孙伟@Asun wei@4编著 |
| 801 | 0 | @aCN@c20071010 |
| 905 | @dO153@eR851 | |
| 近世代数及其应用/阮传概, 孙伟编著.-北京:北京邮电学院出版社,2001.09 |
| 426页:图;21cm |
| ISBN 7-5635-0533-4:CNY25.00 |
| 本书介绍了集合与映射、格、布尔代数、半群、群、环、有限域的基本内容和它们在逻辑电路与编码理论中的一些应用,以及与上述内容有关的一些多项式和线性同余式等知识。 |
| ● |
| 相关链接 |
|
|
|
正题名:近世代数及其应用
索取号:O153/R851
 
预约/预借
| 序号 | 登录号 | 条形码 | 馆藏地/架位号 | 状态 | 备注 |
| 1 | 245749 | 202457493 | 自科库401/401自科库 42排1列5层/ [索取号:O153/R851] | 在馆 | |
| 2 | 245750 | 202457509 | 自科库401/401自科库 42排1列5层/ [索取号:O153/R851] | 在馆 | |
| 3 | 245751 | 202457518 | 自科库401/401自科库 42排1列5层/ [索取号:O153/R851] | 在馆 |